000 00485nam a2200217Ia 4500
008 210210b2011 xxu||||| |||| 00| 0 eng d
020 _a9789380472430
041 _aeng
082 _a332.04 SINB
100 _aSINHA (Ram Kumar)
245 _aBankinga and E services
260 _aDelhi
_b-
_c2011
300 _av,281
650 _aE-services
650 _ae-banking
650 _ae banking
650 _aBankinga
650 _aand
690 _aBanking
906 _a065926
999 _c147259
_d147259